Etats des USA plus riches que le Portugal - Statistiques

Statistiques générales
  • Ce quiz a été pris 416 fois
  • Le résultat moyen est 5 sur 22
Answers on the Grid
Answers color-coded by a green-red scale on the quiz's grid according to % correct below.
Oregon
Utah
Nevada
Oklahoma
Colorado
Nouveau-Mexique
Arizona
Alaska
Hawaï
Ohio
New Hampshire
Rhode Island
Wyoming
Idaho
Washington
Delaware
Californie
Texas
Floride
New-York
Pensylvanie
Illinois
Indiana
Maine
Vermont
Massachussets
Connecticut
New-Jersey
Maryland
Caroline du Nord
Caroline du Sud
Virginie-occidentale
Virginie
Tennessee
Kentucky
Georgie
Alabama
Mississippi
Louisiane
Michigan
Missouri
Kansas
Arkansas
Nebraska
Iowa
Dakota du Sud
Dakota du Nord
Wisconsin
Minnesota
Montana
 
Statistiques - réponses
Réponse % Correct
New-York
68%
Californie
54%
Texas
54%
Floride
49%
Washington
38%
Pensylvanie
24%
Illinois
23%
New-Jersey
18%
Michigan
17%
Massachussets
16%
Ohio
16%
Arizona
15%
Caroline du Nord
15%
Georgie
14%
Colorado
12%
Minnesota
9%
Indiana
8%
Virginie
6%
Wisconsin
6%
Maryland
5%
Missouri
2%
Tennessee
2%
Aucun quiz correspondant
Distribution des résultats
% des personnes avec chaque résultat
Percentile par nombre de réponses
Votre historique - résultats
Vous n’avez pas pris ce quiz